Detalles MARC
| 000 -CABECERA |
| Longitud fija campo de control |
01346cam a2200397 a 4500 |
| 003 - • IDENTIFICADOR DELl NÚMERO DE CONTROL |
| Identificador del número de control |
CO-BoRNBP |
| 005 - • FECHA Y HORA DE LA ÚLTIMA TRANSACCIÓN |
| Fecha y hora de la última transacción |
20251209202825.0 |
| 007 - • CAMPO FIJO DE DESCRIPCIÓN FÍSICA |
| Campo fijo de descripción física |
ta |
| 008 - • CÓDIGOS DE INFORMACIÓN DE LONGITUD FIJA |
| Códigos de información de longitud fija |
021204s2003 ck r 00011dspa d |
| 040 ## - FUENTE DE LA CATALOGACIÓN |
| Centro catalogador de origen |
la |
| Centro transcriptor |
la |
| 041 1# - • CÓDIGO DE LENGUA |
| Código de lengua del texto/banda sonora o título independiente |
spa |
| Código de lengua original |
eng |
| 043 ## - CÓDIGO DE ÁREA GEOGRÁFICA |
| Código de área geográfica |
n-us--- |
| 082 04 - • NÚMERO DE LA CLASIFICACIÓN DECIMAL DEWEY |
| Número de clasificación (R) |
813.4 |
| Número del ítem |
J15o3 |
| Número de edición |
19 ed. |
| 084 ## - • Clasificación Local Alfanúmerica PNLB |
| Número de clasificación |
N JAM1 |
| 100 1# - • PUNTO DE ACCESO PRINCIPAL-NOMBRE DE PERSONA |
| Nombre de persona |
James, Henry, |
| Fechas asociadas al nombre |
1843-1916. |
| 245 10 - • TITULO PROPIAMENTE DICHO |
| Título |
Otra vuelta de tuerca / |
| Mención de responsabilidad, etc. |
Henry James ; traducción Javier Escobar, Eva Zimmerman de Aguirre. |
| 250 ## - • MENCIÓN DE EDICIÓN |
| Mención de edición |
2a. ed. : |
| Resto de la mención de edición |
Editor Iván Hernández Arbeláez. |
| 300 ## - • DESCRIPCIÓN FÍSICA |
| Extensión |
143, 65 p. ; |
| Dimensiones |
21 cm. |
| 336 ## - TIPO DE CONTENIDO |
| Fuente |
rdacontent |
| Término de tipo de contenido |
texto |
| Código de tipo de contenido |
txt |
| 337 ## - TIPO DE MEDIO |
| Fuente |
rdamedia |
| Nombre del tipo de medio |
sin mediación |
| Código del tipo de medio |
n |
| 338 ## - TIPO DE SOPORTE |
| Fuente |
rdacarrier |
| Nombre del tipo de soporte |
volumen |
| Código del tipo de soporte |
nc |
| 501 ## - • NOTA DE "CON" |
| Nota de "Con" |
Con : Henry James : vida y obra. |
| 534 ## - • Nota De Versión Original |
| Título |
The turn of the screw. |
| 600 17 - • PUNTO DE ACCESO ADICIONAL DE MATERIA - NOMBRE DE PERSONA |
| Nombre de persona |
James, Henry, |
| Fechas asociadas al nombre |
1843-1916 |
| Subdivisión de materia general (R ) |
Crítica e interpretación. |
| 650 #7 - • PUNTO DE ACCESO ADICIONAL DE MATERIA - TÉRMINO DE MATERIA |
| Término de materia o nombre geográfico como elemento inicial |
Novela estadounidense. |
| Fuente del encabezamiento o término |
BLAAUTO |
| 650 #7 - • PUNTO DE ACCESO ADICIONAL DE MATERIA - TÉRMINO DE MATERIA |
| Término de materia o nombre geográfico como elemento inicial |
Bien y mal |
| Subdivisión de forma |
Novela. |
| Fuente del encabezamiento o término |
BLAAUTO |
| 650 #7 - • PUNTO DE ACCESO ADICIONAL DE MATERIA - TÉRMINO DE MATERIA |
| Término de materia o nombre geográfico como elemento inicial |
Fantasmas |
| Subdivisión de forma |
Novela. |
| Fuente del encabezamiento o término |
BLAAUTO |
| 650 #7 - • PUNTO DE ACCESO ADICIONAL DE MATERIA - TÉRMINO DE MATERIA |
| Término de materia o nombre geográfico como elemento inicial |
Novela psicológica. |
| Fuente del encabezamiento o término |
BLAAUTO |
| 700 1# - • PUNTO DE ACCESO ADICIONAL - NOMBRE DE PERSONA |
| Nombre de persona |
Zimerman de Aguirre, Eva, |
| Fechas asociadas al nombre |
1947- |
| Término indicativo de función |
tr. |
| 700 1# - • PUNTO DE ACCESO ADICIONAL - NOMBRE DE PERSONA |
| Nombre de persona |
Escobar, Javier, |
| Término indicativo de función |
tr. |
| 700 1# - • PUNTO DE ACCESO ADICIONAL - NOMBRE DE PERSONA |
| Nombre de persona |
Hernández Arbeláez, Iván, |
| Fechas asociadas al nombre |
1928- |
| Término indicativo de función |
ed. |
| 740 02 - • PUNTO DE ACCESO ADICIONAL - TÍTULO RELACIONADO O ANALÍTICO NO CONTROLADO |
| Título relacionado o analítico no controlado |
Henry James : vida y obra. |
| 942 ## - ENTRADA DE ELEMENTOS AGREGADOS (KOHA) |
| Fuente de clasificaión o esquema |
Dewey Decimal Classification |
| Koha [por defecto] tipo de item |
LIbro |
| 949 ## - TRATAMIENTO DE LA INFORMACIÓN LOCAL (OCLC) |
| a |
n |
| b |
n |